| 000 | 00377nam a2200145Ia 4500 | ||
|---|---|---|---|
| 008 | 230917s9999||||xx |||||||||||||| ||und|| | ||
| 040 |
_e249470 _aMAIN |
||
| 041 | _aEnglish | ||
| 082 | _a658.54 J199E | ||
| 100 | _aJaideep | ||
| 245 | 0 | _aE-banking services and customer satisfaction: A study of Indian and foreign banks | |
| 260 | _c2018 | ||
| 300 | _a182 p. | ||
| 942 | _cTH | ||
| 999 |
_c128048 _d128048 |
||